000
00273nam a22001217a 4500
082
_a
621.388 MAR'T
100
_a
MARKUS, JOHN
_9
56565
245
_a
TELEVISION AND RADIO REPAIRING
250
_a
2ND
260
_a
NEWYORK
_b
MCGRAW HILL
_c
1961
300
_a
568P
942
_c
BK
999
_c
566955
_d
566955